Futuribles analyse et prospective

Guardado en:
Detalles Bibliográficos
Formato: Seriadas
Lenguaje:francés
Publicado: Paris Cédex FUTURIBLES S.A.R.L. 1997
Materias:
Etiquetas: Agregar Etiqueta
Sin Etiquetas, Sea el primero en etiquetar este registro!

MARC

LEADER 00000nas2a2200000 4500
001 s122518
005 20221221070329.7
022 |a 0337-307X 
041 0 |a fre 
044 |a FR 
245 1 0 |a Futuribles  |b analyse et prospective 
264 1 |a Paris Cédex  |b FUTURIBLES S.A.R.L.  |c 1997 
300 |a 1 zv. 
500 |a Chýba č. 220, 221, 222, 224 
773 0 |w eu_un_cat*s120180 
610 2 0 |a ekonómia 
610 2 0 |a prognózy hospodárske